| 000 | 00490nam a22001817a 4500 | ||
|---|---|---|---|
| 003 | CEME | ||
| 005 | 20210628203840.0 | ||
| 008 | 210305b xxu||||| |||| 00| 0 eng d | ||
| 020 | _a0-471-95363-6 | ||
| 040 | _c. | ||
| 082 | _a621.4 ADV'D | ||
| 100 |
_aDunker, R _967555 |
||
| 245 | _aAdvances in techniques for engine applications | ||
| 260 |
_aNEWYORK _bJOHN WILEY _c1994 |
||
| 300 | _aVIII,146P.DIAGRAMS | ||
| 650 |
_aBEARING LUBRICATION THIN FILM SENSORS _967556 |
||
| 942 |
_cBK _2ddc |
||
| 999 |
_c575304 _d575304 |
||